প্রত্যক্ষদর্শীর চোখে বাংলাদেশ / (Record no. 105304)
[ view plain ]
| 000 -LEADER | |
|---|---|
| fixed length control field | 00736nam a22002057a 4500 |
| 003 - CONTROL NUMBER IDENTIFIER | |
| control field | BD-DhUL |
| 005 - DATE AND TIME OF LATEST TRANSACTION | |
| control field | 20160921191151.0 |
| 008 - FIXED-LENGTH DATA ELEMENTS--GENERAL INFORMATION | |
| fixed length control field | 160126s1378 bg |||| |||| 001 0 ben |
| 020 ## - INTERNATIONAL STANDARD BOOK NUMBER | |
| International Standard Book Number | 9843000021825 |
| 040 ## - CATALOGING SOURCE | |
| Original cataloging agency | BD-DhUL |
| Transcribing agency | BD-DhUL |
| 082 ## - DEWEY DECIMAL CLASSIFICATION NUMBER | |
| Classification number | 954.92 |
| Item number | SOP |
| 245 ## - TITLE STATEMENT | |
| Title | প্রত্যক্ষদর্শীর চোখে বাংলাদেশ / |
| Statement of responsibility, etc. | সোমেন পাল সম্পাদিত |
| 250 ## - EDITION STATEMENT | |
| Edition statement | ১ম সং. |
| 260 ## - PUBLICATION, DISTRIBUTION, ETC. (IMPRINT) | |
| Place of publication, distribution, etc. | কলিকাতা : |
| Name of publisher, distributor, etc. | রিফ্লেক্ট পাব, |
| Date of publication, distribution, etc. | ১৩৭৮ব. |
| 300 ## - PHYSICAL DESCRIPTION | |
| Extent | ১৪৪ পৃ. : |
| Dimensions | ২১ সেমি. |
| 365 ## - TRADE PRICE | |
| Price type code | BDT |
| Price amount | 270 |
| 650 ## - SUBJECT ADDED ENTRY--TOPICAL TERM | |
| Topical term or geographic name as entry element | বাংলাদেশ-ইতিহাস |
| 651 #1 - SUBJECT ADDED ENTRY--GEOGRAPHIC NAME | |
| Geographic name | Bangladesh |
| General subdivision | History |
| 942 ## - ADDED ENTRY ELEMENTS (KOHA) | |
| Source of classification or shelving scheme | |
| Koha item type | Books |
| Price effective from | Date last seen | Permanent Location | Not for loan | Date acquired | Source of classification or shelving scheme | Koha item type | Lost status | Withdrawn status | Copy number | Source of acquisition | Collection code | Damaged status | Shelving location | Barcode | Current Location | Full call number |
|---|---|---|---|---|---|---|---|---|---|---|---|---|---|---|---|---|
| 2016-09-21 | 2016-09-21 | Dhaka University Library | 2016-09-21 | Books | 4 | Purchased | Non Fiction | General Stacks | A83726 | Dhaka University Library | 954.92 SOP | |||||
| 2016-09-21 | 2016-09-21 | Dhaka University Library | 2016-09-21 | Books | 5 | Purchased | Non Fiction | General Stacks | A83730 | Dhaka University Library | 954.92 SOP |
